Devine le logo - Statistiques

Statistiques générales
  • Ce quiz a été pris 37 fois
  • Le résultat moyen est 11 sur 16
Statistiques - réponses
Par images Réponse % Correct
Burnley
97%
Porto
97%
Fiorentina
86%
Grenoble
83%
Union Saint-Gilloise
83%
Bochum
71%
Como
71%
Parma
71%
Quevilly Rouen
71%
Freiburg
51%
Krasnodar
51%
Mallorca
49%
Frankfurt
46%
Fleury
43%
Wrexham
43%
Hamburger
40%
Aucun quiz correspondant
Distribution des résultats
% des personnes avec chaque résultat
Percentile par nombre de réponses
Votre historique - résultats
Vous n’avez pas pris ce quiz